Využívanie pomoci fondov EÚ v okrese Ilava diplomová práca

Saved in:
Bibliographic Details
Main Author: Kalusová, Katarína
Corporate Author: Národohospodárska fakulta EU. Katedra verejnej správy a regionálneho rozvoja
Other Authors: Buček, Milan
Format: Book
Language:Slovak
Published: Bratislava 2009
Tags: Add Tag
No Tags, Be the first to tag this record!

MARC

LEADER 00000nam$a2200000$$$4500
001 0098411
005 20240319125001.1
041 0 |a slo 
044 |a SK 
245 1 0 |a Využívanie pomoci fondov EÚ v okrese Ilava  |b diplomová práca  |c Katarína Kalusová ; škol. Milan Buček 
264 1 |a Bratislava  |c 2009 
300 |a 94 s. 
100 1 |a Kalusová, Katarína 
700 1 |a Buček, Milan 
710 2 |a Národohospodárska fakulta EU. Katedra verejnej správy a regionálneho rozvoja